000 02771cam a2200253 4500500
005 20260405003729.0
041 _afre
042 _adc
100 1 0 _aHwang, Hyeseon
_eauthor
700 1 0 _aJang, Wonho
_eauthor
245 0 0 _aPure Love, Deferred Intimacy
260 _c2026.
500 _a24
520 _aThis paper examines how “pure love” narratives—intense emotional bonds without physical consummation—have emerged as a convergent theme across East Asian pop cultures (Japan, China, Korea, Taiwan, Hong Kong) and how they intersect with persistently low fertility rates. Drawing on case studies from Japanese film, manga/anime (Otoko wa Tsurai yo; City Hunter; Your Name), Chinese BL fiction, and Korean dramas, the study argues that these narratives both reflect and reinforce shifting gender scripts, herbivore masculinity, and women’s renegotiated social roles. Through comparative content analysis and secondary demographic data, it maps a feedback loop wherein pop-cultural imaginaries of love decouple romance from reproduction, contributing to demographic decline. Theoretical foundations include Henry Jenkins’s convergence culture, the concept of “no’nai ai”/jun’ai, and the author’s notion of gendered melancholia.
520 _aCet article examine comment les récits d'« amour pur » – des liens émotionnels intenses sans consommation physique – sont apparus comme un thème convergent dans les cultures pop d’Asie de l’Est (Japon, Chine, Corée, Taïwan, Hong Kong) et comment ils sont liés aux taux de fécondité qui restent faibles. S’appuyant sur des études de cas tirées de films japonais, de mangas/animes (Otoko wa Tsurai yo ; City Hunter ; Your Name), de fictions BL chinoises et de séries télévisées coréennes, cette étude soutient que ces récits reflètent et renforcent à la fois l’évolution des rôles attribués aux genres, la masculinité herbivore et la renégociation des rôles sociaux des femmes. Grâce à une analyse comparative du contenu et à des données démographiques secondaires, elle met en évidence une boucle de rétroaction dans laquelle les imaginaires pop-culturels de l’amour dissocient la romance de la reproduction, contribuant ainsi au déclin démographique. Les fondements théoriques comprennent la culture de convergence d'Henry Jenkins, le concept de « no'nai ai »/jun'ai et la notion de mélancolie genrée.
690 _aamour
690 _aidentités genrées
690 _apop culture
690 _agender identities
690 _alove
690 _apop culture
786 0 _nSociétés | 169 | 3 | 2026-03-11 | p. 19-31 | 0765-3697
856 4 1 _uhttps://shs.cairn.info/revue-societes-2025-3-page-19?lang=en&redirect-ssocas=7080
999 _c2070271
_d2070271